000 00623nam a22001577a 4500
003 OSt
005 20161101160048.0
008 161101b xxu||||| |||| 00| 0 eng d
040 _cRUA
082 _aAGR MEN 2015 B521 Or.
100 _911095
_aMENG KIMHONG
245 _aYielding ability and Agronomic characters of several chilies promising lines; សក្តានុពលទិន្នផល និងលក្ខណៈក្សេត្រសាស្រ្តស្រឡាយម្ទេសផ្សេងៗគ្នា
260 _aPhnom Penh
_bRUA
_c2015
300 _axi;44p;
_bill;
_c29cm;
942 _2ddc
_cAGR
999 _c10669
_d10669